01131cam a22003011 4500001001300000003000400013005001700017008004100034010001700075035001900092040005200111042001200163050002500175082001400200100002700214245007100241260005400312300002200366410006700388500005200455500009000507500007900597500006400676650001300740650003800753700002100791999001700812l 45000091 DLC20260227111539.0810807s1945 dcu f000 0 eng c al 45000091  a(OCoLC)7648744 aU.S. Dept. of Labor. Libr.cViBlbVdViBlbVdDLC apremarc00aHD8051b.A62 no. 835 a331.061731 aFrazer, Arthur Watson.10aPostwar employment prospects for women in the hosiery industry ... aWashington, D.C.,bU.S. Govt. Print. Off.c[1945] aii, 12 p.c23 cm.10aUnited States.bBureau of Labor Statistics.tBulletinvno. 835 aU.S. 79th Cong., 1st sess. House. Doc. no. 223. aAt head of title: ... United States Dept. of Labor ... Bureau of Labor Statistics ... a"Prepared by Arthur W. Fraser and Abraham Ringel."--Letter of transmittal. a"Reprinted from the Monthly Labor Review, May 1945."--p. 1. 0aHosiery. 0aWomenxEmploymentzUnited States.1 aRingel, Abraham. c36508d36508